| 000 | 00728nam a2200241 a 4500 | ||
|---|---|---|---|
| 999 |
_c4369 _d4369 |
||
| 001 | 4369 | ||
| 003 | BD-JhCC | ||
| 005 | 20171127103821.0 | ||
| 008 | 171126s19881999b a|||| || | 000 0 b d | ||
| 020 | _a9841104747 | ||
| 035 | _a(BD-JhCC)4369 | ||
| 040 |
_aBD-JhCC _dBD-JhCC |
||
| 041 | _aben | ||
| 082 |
_a610.7 _bCHA 1999 |
||
| 100 | _aচক্রবর্তী, তপন | ||
| 245 |
_aচিকিৎসাবিজ্ঞান / _c তপন চক্রবর্তী, |
||
| 260 |
_aঢাকা : _bআহমদ পাবলিশিং হাউস, _c১৯৯৯. |
||
| 300 |
_a85 p. : _bill, ; _c22 cm. |
||
| 504 | _aIncludes bibliography | ||
| 650 | _aMedical Science | ||
| 942 |
_2ddc _cBK |
||